Online
Catalog

Bonsai / (Record no. 4349)

MARC details
000 -CABECERA
campo de control de longitud fija 00836cam a2200253 a 4500
001 - NÚMERO DE CONTROL
campo de control 000004540
005 - FECHA Y HORA DE LA ÚLTIMA TRANSACCIÓN
campo de control 20200929151446.0
008 - DATOS DE LONGITUD FIJA--INFORMACIÓN GENERAL
campo de control de longitud fija 991108s1998 sp j 000 1 spa d
020 ## - NÚMERO INTERNACIONAL ESTÁNDAR DEL LIBRO
Número Internacional Estándar del Libro 9580443904 (pbk.)
040 ## - FUENTE DE LA CATALOGACIÓN
Centro catalogador/agencia de origen DO-SdBNP
Lengua de catalogación spa
Centro/agencia transcriptor BNPHU
082 ## - NÚMERO DE LA CLASIFICACIÓN DECIMAL DEWEY
Número de clasificación 833.91
Número de documento/Ítem N898b
100 1# - ENTRADA PRINCIPAL--NOMBRE DE PERSONA
Nombre de persona Nostlinger, Christine,
Fechas asociadas al nombre 1936-
9 (RLIN) 13261
240 10 - TÍTULO UNIFORME
Título uniforme Bonsai.
Lenguaje de la obra español.
245 10 - MENCIÓN DE TÍTULO
Título Bonsai /
Mención de responsabilidad, etc. Christine Nostlinger ; traducción de María de las Mercedes Ortíz.
260 ## - PUBLICACIÓN, DISTRIBUCIÓN, ETC.
Lugar de publicación, distribución, etc. Barcelona :
Nombre del editor, distribuidor, etc. Norma,
Fecha de publicación, distribución, etc. 1998.
300 ## - DESCRIPCIÓN FÍSICA
Extensión 220 p. ;
Dimensiones 21 cm.
490 1# - MENCIÓN DE SERIE
Mención de serie Zona libre
534 ## - NOTA SOBRE LA VERSIÓN ORIGINAL
Encabezamiento principal del original Título original:
Mención de título del original Bonsai
650 #4 - PUNTO DE ACCESO ADICIONAL DE MATERIA--TÉRMINO DE MATERIA
Término de materia o nombre geográfico como elemento de entrada Cuentos infantiles austríacos
9 (RLIN) 13262
650 #4 - PUNTO DE ACCESO ADICIONAL DE MATERIA--TÉRMINO DE MATERIA
Término de materia o nombre geográfico como elemento de entrada Cuentos de niños
Subdivisión geográfica Australia
9 (RLIN) 13263
650 #4 - PUNTO DE ACCESO ADICIONAL DE MATERIA--TÉRMINO DE MATERIA
Término de materia o nombre geográfico como elemento de entrada Niños
Subdivisión general Cuentos infantiles
9 (RLIN) 13264
700 1# - PUNTO DE ACCESO ADICIONAL--NOMBRE DE PERSONA
Nombre de persona Mercedes Ortíz, María de las,
Término indicativo de función/relación tr.
9 (RLIN) 13265
830 #0 - PUNTO DE ACCESO ADICIONAL DE SERIE-TÍTULO UNIFORME
Título uniforme Zona libre
9 (RLIN) 13266
Holdings
Estado de retiro Estado de pérdida Restricciones de uso No para préstamo Código de colección Localización permanente Ubicación/localización actual Ubicación en estantería Fecha de adquisición Número de inventario Total de préstamos Signatura topográfica completa Código de barras Fecha visto por última vez Precio válido a partir de Tipo de ítem Koha Número de copia
      Excluido de préstamo Monografías: Libros y Folletos General General Depósito 23.07.2009 LF1   833.91 N898b 4540-10 25.06.2020 25.06.2020 No se presta  
  Extraviado   Excluido de préstamo Monografías: Libros y Folletos General General Extraviado 19.05.2017 LF1   833.91 N898b 4540-20 25.06.2020 25.06.2020 No se presta e. 2

Powered by Koha